[Event "ODJM B 2025"]
[Site "Willingen GER"]
[Date "2025.06.12"]
[Round "7"]
[White "Wolf, Helena"]
[Black "Meyer, Hugo"]
[Result "0-1"]
[Termination "normal"]
[Board "42"]
[WhiteElo "1702"]
[BlackElo "1591"]
[WhiteClock "00:00:34"]
[BlackClock "00:01:51"]
[PlyCount "68"]
[WhiteFideId "34671030"]
[BlackFideId "533005249"]
[EventCountry "GER"]
[EventRounds "9"]
[EventType "swiss"]
[EventDate "2025.06.07"]

1. e4 {[%clk 01:30:58]} {[%emt 00:00:02]} c5 {[%clk 01:30:55]} {[%emt
00:00:05]} 2. Nf3 {[%clk 01:31:23]} {[%emt 00:00:05]} d6 {[%clk 01:31:17]}
{[%emt 00:00:08]} 3. d4 {[%clk 01:31:48]} {[%emt 00:00:05]} cxd4 {[%clk
01:31:42]} {[%emt 00:00:05]} 4. Nxd4 {[%clk 01:32:12]} {[%emt 00:00:06]} Nf6
{[%clk 01:32:04]} {[%emt 00:00:08]} 5. Nc3 {[%clk 01:32:36]} {[%emt 00:00:06]}
g6 {[%clk 01:32:25]} {[%emt 00:00:09]} 6. Be3 {[%clk 01:32:59]} {[%emt
00:00:07]} Bg7 {[%clk 01:32:47]} {[%emt 00:00:07]} 7. f3 {[%clk 01:33:20]}
{[%emt 00:00:10]} O-O {[%clk 01:33:09]} {[%emt 00:00:08]} 8. Qd2 {[%clk
01:33:45]} {[%emt 00:00:06]} Nc6 {[%clk 01:33:25]} {[%emt 00:00:14]} 9. Bc4
{[%clk 01:34:07]} {[%emt 00:00:08]} Bd7 {[%clk 01:33:07]} {[%emt 00:00:48]} 10.
O-O-O {[%clk 01:34:22]} {[%emt 00:00:14]} Ne5 {[%clk 01:31:33]} {[%emt
00:02:05]} 11. Bb3 {[%clk 01:34:43]} {[%emt 00:00:09]} Rc8 {[%clk 01:31:36]}
{[%emt 00:00:27]} 12. Kb1 {[%clk 01:34:50]} {[%emt 00:00:23]} Nc4 {[%clk
01:30:51]} {[%emt 00:01:14]} 13. Bxc4 {[%clk 01:35:14]} {[%emt 00:00:06]} Rxc4
{[%clk 01:30:59]} {[%emt 00:00:23]} 14. g4 {[%clk 01:33:08]} {[%emt 00:02:36]}
a6 {[%clk 01:25:15]} {[%emt 00:06:15]} 15. h4 {[%clk 01:29:48]} {[%emt
00:03:50]} h5 {[%clk 01:24:59]} {[%emt 00:00:45]} 16. Rdg1 {[%clk 01:22:38]}
{[%emt 00:07:39]} b5 {[%clk 00:53:42]} {[%emt 00:31:48]} 17. b3 {[%clk
01:17:28]} {[%emt 00:05:40]} Rc7 {[%clk 00:46:54]} {[%emt 00:07:17]} 18. Bg5
{[%clk 01:08:21]} {[%emt 00:09:38]} Kh7 {[%clk 00:32:02]} {[%emt 00:15:22]} 19.
Bxf6 {[%clk 01:00:44]} {[%emt 00:08:07]} exf6 {[%clk 00:29:17]} {[%emt
00:03:15]} 20. gxh5 {[%clk 00:56:15]} {[%emt 00:04:59]} gxh5 {[%clk 00:28:21]}
{[%emt 00:01:26]} 21. Nde2 {[%clk 00:45:42]} {[%emt 00:11:03]} Rg8 {[%clk
00:14:58]} {[%emt 00:13:54]} 22. Qxd6 {[%clk 00:37:17]} {[%emt 00:08:54]} Be6
{[%clk 00:10:52]} {[%emt 00:04:36]} 23. Qxa6 {[%clk 00:25:31]} {[%emt
00:12:16]} f5 {[%clk 00:03:36]} {[%emt 00:07:47]} 24. Rxg7+ {[%clk 00:21:08]}
{[%emt 00:04:53]} Rxg7 {[%clk 00:03:52]} {[%emt 00:00:15]} 25. Qxb5 {[%clk
00:20:23]} {[%emt 00:01:15]} Qf6 {[%clk 00:02:35]} {[%emt 00:01:47]} 26. Nd5
{[%clk 00:10:53]} {[%emt 00:09:59]} Bxd5 {[%clk 00:02:58]} {[%emt 00:00:07]}
27. Qxd5 {[%clk 00:10:51]} {[%emt 00:00:32]} Qe6 {[%clk 00:02:17]} {[%emt
00:01:11]} 28. Qxf5+ {[%clk 00:10:48]} {[%emt 00:00:33]} Qxf5 {[%clk 00:02:41]}
{[%emt 00:00:07]} 29. exf5 {[%clk 00:11:14]} {[%emt 00:00:04]} Rg2 {[%clk
00:03:05]} {[%emt 00:00:06]} 30. Nd4 {[%clk 00:11:13]} {[%emt 00:00:30]} Rd2
{[%clk 00:03:10]} {[%emt 00:00:25]} 31. Nb5 {[%clk 00:04:10]} {[%emt 00:07:33]}
Rcxc2 {[%clk 00:03:32]} {[%emt 00:00:08]} 32. Na3 {[%clk 00:03:33]} {[%emt
00:01:07]} Rxa2 {[%clk 00:02:48]} {[%emt 00:01:14]} 33. Nc4 {[%clk 00:03:52]}
{[%emt 00:00:11]} Rh2 {[%clk 00:03:06]} {[%emt 00:00:12]} 34. Rc1 {[%clk
00:00:34]} {[%emt 00:03:49]} Raf2 {[%clk 00:01:51]} {[%emt 00:01:44]} 0-1

[Event "ODJM B 2025"]
[Site "Willingen GER"]
[Date "2025.06.12"]
[Round "7"]
[White "Matsarski, David"]
[Black "Zielke, Marek"]
[Result "1-0"]
[Termination "normal"]
[Board "43"]
[WhiteElo "1723"]
[BlackElo "1572"]
[WhiteClock "01:18:33"]
[BlackClock "00:21:01"]
[PlyCount "71"]
[WhiteFideId "34663355"]
[BlackFideId "34661808"]
[EventCountry "GER"]
[EventRounds "9"]
[EventType "swiss"]
[EventDate "2025.06.07"]

1. e4 {[%clk 01:30:59]} {[%emt 00:00:01]} e5 {[%clk 01:30:55]} {[%emt
00:00:06]} 2. Nf3 {[%clk 01:31:25]} {[%emt 00:00:03]} Nc6 {[%clk 01:31:19]}
{[%emt 00:00:06]} 3. Bc4 {[%clk 01:31:52]} {[%emt 00:00:03]} Bc5 {[%clk
01:31:42]} {[%emt 00:00:07]} 4. c3 {[%clk 01:32:20]} {[%emt 00:00:02]} Nf6
{[%clk 01:32:05]} {[%emt 00:00:07]} 5. d4 {[%clk 01:32:46]} {[%emt 00:00:04]}
exd4 {[%clk 01:32:27]} {[%emt 00:00:08]} 6. e5 {[%clk 01:33:13]} {[%emt
00:00:03]} d5 {[%clk 01:27:18]} {[%emt 00:05:38]} 7. Bb5 {[%clk 01:33:39]}
{[%emt 00:00:04]} Ne4 {[%clk 01:26:35]} {[%emt 00:01:13]} 8. cxd4 {[%clk
01:34:05]} {[%emt 00:00:04]} Bb4+ {[%clk 01:25:27]} {[%emt 00:01:38]} 9. Nbd2
{[%clk 01:34:27]} {[%emt 00:00:08]} Nxd2 {[%clk 01:25:31]} {[%emt 00:00:26]}
10. Bxd2 {[%clk 01:34:50]} {[%emt 00:00:07]} Bxd2+ {[%clk 01:25:55]} {[%emt
00:00:06]} 11. Qxd2 {[%clk 01:34:56]} {[%emt 00:00:24]} Bd7 {[%clk 01:25:10]}
{[%emt 00:01:15]} 12. O-O {[%clk 01:34:21]} {[%emt 00:01:04]} O-O {[%clk
01:24:35]} {[%emt 00:01:06]} 13. Bd3 {[%clk 01:34:06]} {[%emt 00:00:45]} Bg4
{[%clk 01:17:08]} {[%emt 00:07:57]} 14. Ne1 {[%clk 01:33:39]} {[%emt 00:00:57]}
Qe7 {[%clk 01:13:55]} {[%emt 00:03:43]} 15. Nc2 {[%clk 01:29:52]} {[%emt
00:04:17]} Rad8 {[%clk 01:02:55]} {[%emt 00:11:30]} 16. f4 {[%clk 01:28:52]}
{[%emt 00:01:29]} Bd7 {[%clk 00:57:05]} {[%emt 00:06:21]} 17. f5 {[%clk
01:28:43]} {[%emt 00:00:39]} f6 {[%clk 00:52:52]} {[%emt 00:04:42]} 18. e6
{[%clk 01:28:42]} {[%emt 00:00:30]} Be8 {[%clk 00:53:17]} {[%emt 00:00:06]} 19.
Rf3 {[%clk 01:27:06]} {[%emt 00:02:06]} g6 {[%clk 00:50:10]} {[%emt 00:03:37]}
20. Rg3 {[%clk 01:27:09]} {[%emt 00:00:27]} Qg7 {[%clk 00:50:28]} {[%emt
00:00:13]} 21. Qf4 {[%clk 01:26:13]} {[%emt 00:01:25]} g5 {[%clk 00:45:39]}
{[%emt 00:05:19]} 22. Qe3 {[%clk 01:24:13]} {[%emt 00:02:30]} Qe7 {[%clk
00:38:42]} {[%emt 00:07:26]} 23. h4 {[%clk 01:19:53]} {[%emt 00:04:50]} h6
{[%clk 00:37:31]} {[%emt 00:01:41]} 24. hxg5 {[%clk 01:19:53]} {[%emt
00:00:29]} hxg5 {[%clk 00:37:26]} {[%emt 00:00:35]} 25. Kf2 {[%clk 01:19:39]}
{[%emt 00:00:44]} Kg7 {[%clk 00:33:56]} {[%emt 00:03:59]} 26. Rh1 {[%clk
01:19:02]} {[%emt 00:01:07]} Rh8 {[%clk 00:34:15]} {[%emt 00:00:12]} 27. Rgh3
{[%clk 01:19:20]} {[%emt 00:00:12]} Bf7 {[%clk 00:23:17]} {[%emt 00:11:28]} 28.
Rxh8 {[%clk 01:18:32]} {[%emt 00:01:17]} Rxh8 {[%clk 00:23:38]} {[%emt
00:00:09]} 29. Rxh8 {[%clk 01:18:57]} {[%emt 00:00:05]} Kxh8 {[%clk 00:24:05]}
{[%emt 00:00:03]} 30. exf7 {[%clk 01:18:31]} {[%emt 00:00:56]} Qxf7 {[%clk
00:24:23]} {[%emt 00:00:13]} 31. Qe6 {[%clk 01:18:27]} {[%emt 00:00:34]} Qg7
{[%clk 00:23:01]} {[%emt 00:01:52]} 32. Qxd5 {[%clk 01:18:35]} {[%emt
00:00:23]} Qh6 {[%clk 00:22:33]} {[%emt 00:00:58]} 33. Bc4 {[%clk 01:18:30]}
{[%emt 00:00:35]} Qh4+ {[%clk 00:22:27]} {[%emt 00:00:36]} 34. Kg1 {[%clk
01:18:55]} {[%emt 00:00:05]} Qh7 {[%clk 00:21:48]} {[%emt 00:01:09]} 35. Qe6
{[%clk 01:18:18]} {[%emt 00:01:06]} Qg7 {[%clk 00:21:01]} {[%emt 00:01:17]} 36.
Qe8+ {[%clk 01:18:33]} {[%emt 00:00:15]} 1-0

[Event "ODJM B 2025"]
[Site "Willingen GER"]
[Date "2025.06.12"]
[Round "7"]
[White "Hesse, Lucas"]
[Black "Päpke, Aaron"]
[Result "1/2-1/2"]
[Termination "normal"]
[Board "44"]
[WhiteElo "1508"]
[BlackElo "1652"]
[WhiteClock "00:18:22"]
[BlackClock "00:55:46"]
[PlyCount "115"]
[WhiteFideId "16261330"]
[BlackFideId "34684930"]
[EventCountry "GER"]
[EventRounds "9"]
[EventType "swiss"]
[EventDate "2025.06.07"]

1. e4 {[%clk 01:30:56]} {[%emt 00:00:04]} c5 {[%clk 01:30:58]} {[%emt
00:00:03]} 2. Nf3 {[%clk 01:31:21]} {[%emt 00:00:05]} Nc6 {[%clk 01:31:26]}
{[%emt 00:00:02]} 3. d4 {[%clk 01:31:41]} {[%emt 00:00:10]} cxd4 {[%clk
01:31:51]} {[%emt 00:00:05]} 4. Nxd4 {[%clk 01:32:06]} {[%emt 00:00:04]} Nf6
{[%clk 01:32:17]} {[%emt 00:00:04]} 5. Nc3 {[%clk 01:32:10]} {[%emt 00:00:26]}
e5 {[%clk 01:32:41]} {[%emt 00:00:05]} 6. Ndb5 {[%clk 01:31:56]} {[%emt
00:00:45]} d6 {[%clk 01:33:05]} {[%emt 00:00:06]} 7. Bg5 {[%clk 01:25:25]}
{[%emt 00:07:01]} a6 {[%clk 01:33:29]} {[%emt 00:00:06]} 8. Na3 {[%clk
01:25:35]} {[%emt 00:00:20]} b5 {[%clk 01:33:54]} {[%emt 00:00:05]} 9. Nd5
{[%clk 01:25:32]} {[%emt 00:00:33]} Be7 {[%clk 01:34:17]} {[%emt 00:00:07]} 10.
Nxe7 {[%clk 01:18:44]} {[%emt 00:07:18]} Qxe7 {[%clk 01:33:15]} {[%emt
00:01:32]} 11. Bd3 {[%clk 01:15:50]} {[%emt 00:03:25]} Be6 {[%clk 01:33:11]}
{[%emt 00:00:34]} 12. c3 {[%clk 01:14:31]} {[%emt 00:01:49]} O-O {[%clk
01:33:30]} {[%emt 00:00:10]} 13. O-O {[%clk 01:14:43]} {[%emt 00:00:18]} h6
{[%clk 01:32:01]} {[%emt 00:01:59]} 14. Be3 {[%clk 01:13:15]} {[%emt 00:01:59]}
Rfd8 {[%clk 01:32:09]} {[%emt 00:00:21]} 15. Qe2 {[%clk 01:05:16]} {[%emt
00:08:30]} d5 {[%clk 01:30:34]} {[%emt 00:02:05]} 16. exd5 {[%clk 01:03:57]}
{[%emt 00:01:49]} Nxd5 {[%clk 01:30:53]} {[%emt 00:00:10]} 17. Bd2 {[%clk
00:57:43]} {[%emt 00:06:45]} Rd7 {[%clk 01:22:32]} {[%emt 00:08:51]} 18. c4
{[%clk 00:53:53]} {[%emt 00:04:21]} bxc4 {[%clk 01:21:22]} {[%emt 00:01:40]}
19. Bxc4 {[%clk 00:50:53]} {[%emt 00:03:30]} Ndb4 {[%clk 01:15:53]} {[%emt
00:05:58]} 20. Bxe6 {[%clk 00:38:46]} {[%emt 00:12:37]} Qxe6 {[%clk 01:16:14]}
{[%emt 00:00:09]} 21. Bc3 {[%clk 00:35:23]} {[%emt 00:03:53]} Rad8 {[%clk
01:14:47]} {[%emt 00:01:57]} 22. Nc4 {[%clk 00:35:28]} {[%emt 00:00:25]} Nd3
{[%clk 01:14:41]} {[%emt 00:00:35]} 23. Nd2 {[%clk 00:34:30]} {[%emt 00:01:29]}
Nxb2 {[%clk 01:13:57]} {[%emt 00:01:13]} 24. Qxa6 {[%clk 00:34:24]} {[%emt
00:00:37]} Rxd2 {[%clk 01:13:34]} {[%emt 00:00:52]} 25. Bxd2 {[%clk 00:33:59]}
{[%emt 00:00:55]} Rxd2 {[%clk 01:13:59]} {[%emt 00:00:05]} 26. a4 {[%clk
00:32:40]} {[%emt 00:01:50]} Qf6 {[%clk 01:08:28]} {[%emt 00:06:00]} 27. a5
{[%clk 00:24:38]} {[%emt 00:08:34]} Nd3 {[%clk 01:03:55]} {[%emt 00:05:02]} 28.
Qb6 {[%clk 00:24:30]} {[%emt 00:00:38]} e4 {[%clk 01:02:53]} {[%emt 00:01:32]}
29. a6 {[%clk 00:22:52]} {[%emt 00:02:08]} Rb2 {[%clk 00:58:49]} {[%emt
00:04:33]} 30. Qe3 {[%clk 00:21:41]} {[%emt 00:01:41]} Rb8 {[%clk 00:56:02]}
{[%emt 00:03:18]} 31. Rfb1 {[%clk 00:17:28]} {[%emt 00:04:43]} Ra8 {[%clk
00:53:50]} {[%emt 00:02:41]} 32. Ra4 {[%clk 00:11:46]} {[%emt 00:06:12]} Ncb4
{[%clk 00:51:57]} {[%emt 00:02:23]} 33. a7 {[%clk 00:11:42]} {[%emt 00:00:34]}
Qe7 {[%clk 00:50:52]} {[%emt 00:01:35]} 34. Qb6 {[%clk 00:10:25]} {[%emt
00:01:47]} Qe8 {[%clk 00:42:37]} {[%emt 00:08:45]} 35. Raxb4 {[%clk 00:06:25]}
{[%emt 00:04:30]} Nxb4 {[%clk 00:42:53]} {[%emt 00:00:13]} 36. Rxb4 {[%clk
00:06:49]} {[%emt 00:00:07]} Qe7 {[%clk 00:41:37]} {[%emt 00:01:46]} 37. Ra4
{[%clk 00:06:09]} {[%emt 00:01:10]} Qd7 {[%clk 00:41:42]} {[%emt 00:00:25]} 38.
Ra1 {[%clk 00:06:19]} {[%emt 00:00:20]} Qc8 {[%clk 00:41:35]} {[%emt 00:00:37]}
39. Rb1 {[%clk 00:05:46]} {[%emt 00:01:04]} Kh7 {[%clk 00:40:42]} {[%emt
00:01:23]} 40. g3 {[%clk 00:04:33]} {[%emt 00:01:43]} Qc2 {[%clk 00:40:46]}
{[%emt 00:00:25]} 41. Qb7 {[%clk 00:04:14]} {[%emt 00:00:50]} Rxa7 {[%clk
00:41:06]} {[%emt 00:00:10]} 42. Qxa7 {[%clk 00:02:13]} {[%emt 00:02:30]} Qxb1+
{[%clk 00:41:30]} {[%emt 00:00:05]} 43. Kg2 {[%clk 00:02:39]} {[%emt 00:00:04]}
f6 {[%clk 00:40:22]} {[%emt 00:01:38]} 44. Qc5 {[%clk 00:01:09]} {[%emt
00:02:00]} Qd3 {[%clk 00:39:20]} {[%emt 00:01:31]} 45. h4 {[%clk 00:29:06]}
{[%emt 00:02:34]} Qf3+ {[%clk 01:09:07]} {[%emt 00:00:43]} 46. Kg1 {[%clk
00:29:18]} {[%emt 00:00:18]} h5 {[%clk 01:08:35]} {[%emt 00:01:02]} 47. Qd4
{[%clk 00:28:02]} {[%emt 00:01:47]} Kg6 {[%clk 01:03:07]} {[%emt 00:05:56]} 48.
Qb6 {[%clk 00:26:38]} {[%emt 00:01:55]} Kh6 {[%clk 01:01:02]} {[%emt 00:02:35]}
49. Qc5 {[%clk 00:24:37]} {[%emt 00:02:29]} Qg4 {[%clk 00:59:01]} {[%emt
00:02:33]} 50. Qe3+ {[%clk 00:21:07]} {[%emt 00:04:00]} Kg6 {[%clk 00:59:24]}
{[%emt 00:00:06]} 51. Qc5 {[%clk 00:21:24]} {[%emt 00:00:14]} Qf5 {[%clk
00:59:44]} {[%emt 00:00:09]} 52. Qe3 {[%clk 00:21:16]} {[%emt 00:00:38]} Qd5
{[%clk 00:58:59]} {[%emt 00:01:15]} 53. Qb6 {[%clk 00:20:34]} {[%emt 00:01:11]}
Kf5 {[%clk 00:58:45]} {[%emt 00:00:44]} 54. Qa7 {[%clk 00:19:53]} {[%emt
00:01:12]} g6 {[%clk 00:57:35]} {[%emt 00:01:41]} 55. Qb6 {[%clk 00:19:01]}
{[%emt 00:01:21]} Qd1+ {[%clk 00:57:28]} {[%emt 00:00:36]} 56. Kh2 {[%clk
00:18:36]} {[%emt 00:00:56]} Qf1 {[%clk 00:55:46]} {[%emt 00:02:12]} 57. Qc5+
{[%clk 00:18:22]} {[%emt 00:00:44]} Kg4 {[%clk 00:55:46]} {[%emt 00:00:30]} 58.
Qe3 {[%clk 00:18:22]} {[%emt 00:00:29]} 1/2-1/2

[Event "ODJM B 2025"]
[Site "Willingen GER"]
[Date "2025.06.12"]
[Round "7"]
[White "Tryk, Paul-Luca"]
[Black "Claussen, Alexander"]
[Result "0-1"]
[Termination "normal"]
[Board "45"]
[WhiteElo "1741"]
[BlackElo "1654"]
[WhiteClock "00:59:58"]
[BlackClock "00:53:56"]
[PlyCount "30"]
[WhiteFideId "34698515"]
[BlackFideId "16248910"]
[EventCountry "GER"]
[EventRounds "9"]
[EventType "swiss"]
[EventDate "2025.06.07"]

1. e4 {[%clk 01:30:59]} {[%emt 00:00:01]} e6 {[%clk 01:30:57]} {[%emt
00:00:03]} 2. d4 {[%clk 01:31:23]} {[%emt 00:00:05]} d5 {[%clk 01:31:25]}
{[%emt 00:00:03]} 3. Bd3 {[%clk 01:30:51]} {[%emt 00:01:02]} Nf6 {[%clk
01:31:47]} {[%emt 00:00:07]} 4. e5 {[%clk 01:31:14]} {[%emt 00:00:08]} Ne4
{[%clk 01:31:51]} {[%emt 00:00:26]} 5. Bxe4 {[%clk 01:30:55]} {[%emt 00:00:49]}
dxe4 {[%clk 01:32:15]} {[%emt 00:00:06]} 6. f3 {[%clk 01:28:39]} {[%emt
00:02:45]} c5 {[%clk 01:32:32]} {[%emt 00:00:14]} 7. c3 {[%clk 01:26:41]}
{[%emt 00:02:27]} Nc6 {[%clk 01:32:48]} {[%emt 00:00:16]} 8. Be3 {[%clk
01:26:32]} {[%emt 00:00:39]} cxd4 {[%clk 01:25:34]} {[%emt 00:07:45]} 9. Bxd4
{[%clk 01:20:34]} {[%emt 00:06:28]} Nxd4 {[%clk 01:25:58]} {[%emt 00:00:06]}
10. Qxd4 {[%clk 01:20:54]} {[%emt 00:00:10]} Qg5 {[%emt 00:09:49]} 11. Kf2
{[%clk 01:04:54]} {[%emt 00:15:19]} Bd7 {[%clk 00:56:14]} {[%emt 00:22:06]} 12.
h4 {[%clk 01:02:50]} {[%emt 00:02:34]} Qc1 {[%clk 00:52:48]} {[%emt 00:03:55]}
13. Qd2 {[%clk 01:02:12]} {[%emt 00:01:07]} Bc5+ {[%clk 00:53:14]} {[%emt
00:00:06]} 14. Ke2 {[%clk 01:02:26]} {[%emt 00:00:15]} Bb5+ {[%clk 00:53:36]}
{[%emt 00:00:08]} 15. c4 {[%clk 00:59:58]} {[%emt 00:02:58]} Bxc4+ {[%clk
00:53:56]} {[%emt 00:00:10]} 0-1

[Event "ODJM B 2025"]
[Site "Willingen GER"]
[Date "2025.06.12"]
[Round "7"]
[White "Schmitt, Bastian"]
[Black "Stoos, Laura-Alice"]
[Result "0-1"]
[Termination "normal"]
[Board "46"]
[WhiteElo "1729"]
[BlackElo "1706"]
[WhiteClock "00:11:58"]
[BlackClock "00:29:56"]
[PlyCount "78"]
[WhiteFideId "34615768"]
[BlackFideId "34651497"]
[EventCountry "GER"]
[EventRounds "9"]
[EventType "swiss"]
[EventDate "2025.06.07"]

1. Nf3 {[%clk 01:30:56]} {[%emt 00:00:03]} Nf6 {[%clk 01:30:52]} {[%emt
00:00:08]} 2. Rg1 {[%clk 01:31:18]} {[%emt 00:00:08]} d5 {[%clk 01:29:51]}
{[%emt 00:01:31]} 3. d4 {[%clk 01:31:29]} {[%emt 00:00:19]} Bf5 {[%clk
01:29:34]} {[%emt 00:00:46]} 4. Bf4 {[%clk 01:30:55]} {[%emt 00:01:04]} e6
{[%clk 01:29:53]} {[%emt 00:00:11]} 5. e3 {[%clk 01:29:32]} {[%emt 00:01:53]}
a6 {[%clk 01:29:55]} {[%emt 00:00:28]} 6. Bd3 {[%clk 01:28:48]} {[%emt
00:01:14]} Bxd3 {[%clk 01:30:08]} {[%emt 00:00:17]} 7. Qxd3 {[%clk 01:28:32]}
{[%emt 00:00:45]} Bd6 {[%clk 01:30:28]} {[%emt 00:00:11]} 8. Bxd6 {[%clk
01:26:19]} {[%emt 00:02:43]} Qxd6 {[%clk 01:30:51]} {[%emt 00:00:07]} 9. c3
{[%clk 01:25:09]} {[%emt 00:01:41]} Nbd7 {[%clk 01:28:43]} {[%emt 00:02:37]}
10. Nbd2 {[%clk 01:23:47]} {[%emt 00:01:52]} e5 {[%clk 01:27:10]} {[%emt
00:02:03]} 11. dxe5 {[%clk 01:19:06]} {[%emt 00:05:11]} Nxe5 {[%clk 01:27:30]}
{[%emt 00:00:09]} 12. Nxe5 {[%clk 01:19:29]} {[%emt 00:00:07]} Qxe5 {[%clk
01:27:56]} {[%emt 00:00:04]} 13. Nf3 {[%clk 01:19:45]} {[%emt 00:00:14]} Qe4
{[%clk 01:21:12]} {[%emt 00:07:15]} 14. O-O-O {[%clk 01:17:58]} {[%emt
00:02:17]} O-O-O {[%clk 01:17:42]} {[%emt 00:04:00]} 15. Ng5 {[%clk 01:13:17]}
{[%emt 00:05:10]} Qe7 {[%clk 01:15:45]} {[%emt 00:02:26]} 16. Qe2 {[%clk
01:01:47]} {[%emt 00:12:02]} Ne4 {[%clk 01:11:39]} {[%emt 00:04:36]} 17. Nxe4
{[%clk 01:01:58]} {[%emt 00:00:18]} Qxe4 {[%clk 01:11:18]} {[%emt 00:00:52]}
18. Rd4 {[%clk 01:00:41]} {[%emt 00:01:47]} Qe6 {[%clk 01:10:17]} {[%emt
00:01:30]} 19. Rgd1 {[%clk 00:54:14]} {[%emt 00:06:58]} f5 {[%clk 01:09:43]}
{[%emt 00:01:04]} 20. Qf3 {[%clk 00:53:25]} {[%emt 00:01:18]} c6 {[%clk
01:09:44]} {[%emt 00:00:30]} 21. h3 {[%clk 00:48:28]} {[%emt 00:05:27]} g6
{[%clk 01:07:41]} {[%emt 00:02:33]} 22. Qf4 {[%clk 00:43:24]} {[%emt 00:05:35]}
Rhe8 {[%clk 01:06:02]} {[%emt 00:02:09]} 23. b3 {[%clk 00:38:16]} {[%emt
00:05:39]} Qe7 {[%clk 00:59:04]} {[%emt 00:07:27]} 24. Kb2 {[%clk 00:37:56]}
{[%emt 00:00:51]} Qc5 {[%clk 00:57:04]} {[%emt 00:02:29]} 25. c4 {[%clk
00:34:17]} {[%emt 00:04:09]} Re4 {[%clk 00:54:25]} {[%emt 00:03:08]} 26. Rxe4
{[%clk 00:32:13]} {[%emt 00:02:34]} fxe4 {[%clk 00:54:28]} {[%emt 00:00:28]}
27. Qg4+ {[%clk 00:32:10]} {[%emt 00:00:33]} Kb8 {[%clk 00:52:30]} {[%emt
00:02:27]} 28. Qe6 {[%clk 00:29:13]} {[%emt 00:03:27]} Rf8 {[%clk 00:50:43]}
{[%emt 00:02:17]} 29. Rd2 {[%clk 00:25:51]} {[%emt 00:03:54]} dxc4 {[%clk
00:46:30]} {[%emt 00:04:43]} 30. bxc4 {[%clk 00:20:16]} {[%emt 00:06:05]} Qb4+
{[%clk 00:45:17]} {[%emt 00:01:42]} 31. Kc1 {[%clk 00:19:46]} {[%emt 00:01:01]}
Rxf2 {[%clk 00:44:31]} {[%emt 00:01:15]} 32. Qe5+ {[%clk 00:16:30]} {[%emt
00:03:47]} Ka7 {[%clk 00:40:11]} {[%emt 00:04:49]} 33. Qd4+ {[%clk 00:13:21]}
{[%emt 00:03:39]} c5 {[%clk 00:39:38]} {[%emt 00:01:04]} 34. Qd5 {[%clk
00:11:48]} {[%emt 00:02:03]} Qc3+ {[%clk 00:34:00]} {[%emt 00:06:07]} 35. Kd1
{[%clk 00:11:38]} {[%emt 00:00:40]} Qa1+ {[%clk 00:34:09]} {[%emt 00:00:21]}
36. Kc2 {[%clk 00:11:54]} {[%emt 00:00:15]} Qxa2+ {[%clk 00:34:27]} {[%emt
00:00:11]} 37. Kc3 {[%clk 00:11:54]} {[%emt 00:00:31]} Rxd2 {[%clk 00:31:58]}
{[%emt 00:02:59]} 38. Qxc5+ {[%clk 00:11:59]} {[%emt 00:00:24]} Kb8 {[%clk
00:30:33]} {[%emt 00:01:54]} 39. Qe5+ {[%clk 00:11:58]} {[%emt 00:00:32]} Ka8
{[%clk 00:29:56]} {[%emt 00:01:06]} 0-1